000 00611nam a2200277Ia 4500
001 Z_5208
003 CHAP
008 220113s2004 xx 000 0 und d
010 _a168269
040 _cCHAP
082 _a636.9 C6y
100 _aColombo, Tarcisia
_9142158
245 _aEl conejo /
_cpor Tarcisia Colombo
260 _aBarcelona :
_bDe Vecchi,
_c2004
300 _a158 p.
440 _a
500 _a
503 _a
650 _aConejo
_xCría I. Zago, Luca Giovanni
_9142533
901 _a636.9 C6y
902 _aA
910 _a2004
942 _c1
942 _cc1
999 _c168269
_d168269